Communication under the Microscope : The Theory and Practice of Microanalysis /

Sábháilte in:
Sonraí bibleagrafaíochta
Príomhchruthaitheoir: Bull, Peter (autor)
Formáid: LEABHAR
Teanga:Béarla
Foilsithe / Cruthaithe: Londres, Inglaterra : Routledge, 2002, c2002
Ábhair:
Clibeanna: Cuir clib leis
Níl clibeanna ann, Bí ar an gcéad duine le clib a chur leis an taifead seo!

MARC

LEADER 00000nam^a2200000^a^4500
001 000182952
005 20250521000000.0
009 20260310102024.367
020 |a 0-415-04688-2 
037 |a Acervo ITESO - Biblioteca 
041 |a ING 
082 |a 302. 2214  |b BUL 
100 |a Bull, Peter  |e (autor) 
245 1 0 |a Communication under the Microscope :  |b The Theory and Practice of Microanalysis /  |c P. Bull. 
264 4 |a Londres, Inglaterra :  |b Routledge,  |c 2002, c2002 
300 |a VIII, 184 p. 
336 |a texto  |b txt  |2 rdacontenido 
337 |a sin mediación  |b n  |2 rdamedio 
338 |a volumen  |b nc  |2 rdasoporte 
649 |a XX 
650 |a Género 
650 |a Comunicación y Política 
650 |a Comunicación Personal -  |x Investigación -  |x Metodología 
910 |a Fondo General 
920 |a Impresos - Libros 
930 |a Colección General 
905 |a 101 
901 |a 0500122982  |b IT1  |c ACC  |u 20250521 
902 |a https://opac.biblio.iteso.mx/vufind/Record/000182952